000 00312nam a2200121Ia 4500
008 220204s9999 xx 000 0 und d
082 _a635.91.074
_bCRO
100 _aCROCKETT, Underwood
245 0 _aFoliage house plants.
260 _aVirginia
_bTime Life Books
_c1972
650 _aFoliage plants
942 _cBK
999 _c35539
_d35539